Normal view
MARC view
- Amrita Pritam,
Entry Personal Name
001 - CONTROL NUMBER
- control field: 3603
003 - CONTROL NUMBER IDENTIFIER
- control field: NUST
005 - DATE AND TIME OF LATEST TRANSACTION
- control field: 20170727111842.0
008 - FIXED-LENGTH DATA ELEMENTS
- fixed length control field: 170727|| aca||aabn | a|a d
040 ## - CATALOGING SOURCE
- Original cataloging agency: NUST
- Transcribing agency: NUST
100 ## - HEADING--PERSONAL NAME
- Personal name: Amrita Pritam,
- Dates associated with a name: 1919-2005.
670 ## - SOURCE DATA FOUND
- Source citation: Work cat.: (NUST)0: Amrita Pritam, 1919-2005., Rasīdī ṭikaṭ., 2009.
